Random Spanish Words #4 - Statistics

General Stats
  • This quiz has been taken 4,239 times
  • The average score is 14 of 24
Answer Stats
Spanish English % Correct
blanco white
95%
luna moon
93%
princesa princess
93%
radio radio
92%
teatro theater
81%
triste sad
79%
nueve nine
76%
tener have
73%
dios god
72%
vaca cow
66%
diario newspaper
61%
diente tooth
59%
nieve snow
57%
poner put
55%
mediodía noon
52%
robar steal
48%
batalla battle
41%
zanahoria carrot
40%
cabra goat
35%
alma soul
35%
colina hill
26%
pecado sin
23%
ahorrar save
22%
cartel sign
12%
No matching quizzes found
Score Distribution
Percent of People with Each Score
Percentile by Number Answered
Your Score History
You have not taken this quiz